000 00620cab a2200193 4500
001 WB2626-43
008 090401t1990 xxu||||| |||| 00| 0 eng d
035 _a(Sirsi) u3370
041 _aeng
245 _aCommission - the perils of correspondence
260 _c1990
350 _a0
490 _aEstates Gazette
_vno 9026 30/4/90 p183
520 _aEstate agents need to take care in the wording of correpondence when referring to commission .
650 _aLONDON COMMERCIAL AND LAND LTD V BEAZER LANDS LTD
690 _aMANAGEMENT-BUSINESS MANAGEMENT-PROFESSIONAL PRACTICE
942 _n0
948 _c04/03/1997
999 _c2067
_d2067